| 000 | 00661nam a2200193Ia 4500 | ||
|---|---|---|---|
| 003 | GCL | ||
| 008 | 140319s9999 xx 000 0 ara d | ||
| 040 |
_aGCL / _cGCL |
||
| 082 | 0 | 4 |
_a001.5 _bع ق |
| 100 | 1 | _aعواطف عبدالرحمن | |
| 245 | 1 | 0 |
_aقضايا التبعية الاعلامية والثقافية فى العالم الثالث / _cعواطف عبدالرحمن |
| 300 | _a288 ص | ||
| 490 |
_aالهيئة العامة للاستعلامات _v0 |
||
| 650 | 0 | 4 | _aالاعلام |
| 650 | 0 | 4 | _aوسائل الاعلام |
| 650 | 0 | 4 | _aوسائل الاتصال |
| 650 | 0 | 4 | _aالاعلام - الدول النامية |
| 942 |
_2ddc _cBK |
||
| 999 |
_c52080 _d52080 |
||